The Measurement of work Performance (Record no. 3361)

MARC details
000 -LEADER
fixed length control field 00385nam a22001577a 4500
005 - DATE AND TIME OF LATEST TRANSACTION
control field 20160621114851.0
008 - FIXED-LENGTH DATA ELEMENTS--GENERAL INFORMATION
fixed length control field 160621b xxu||||| |||| 00| 0 eng d
041 ## - LANGUAGE CODE
Language code of text/sound track or separate title eng
082 ## - DEWEY DECIMAL CLASSIFICATION NUMBER
Item number 8700
100 ## - MAIN ENTRY--AUTHOR NAME
Personal name Landy, Frank J and four James L
245 ## - TITLE STATEMENT
Title The Measurement of work Performance
260 ## - PUBLICATION, DISTRIBUTION, ETC. (IMPRINT)
Name of publisher Accadimic press
300 ## - PHYSICAL DESCRIPTION
Number of Pages 303
650 ## - SUBJECT ADDED ENTRY--TOPICAL TERM
Topical Term Management
942 ## - ADDED ENTRY ELEMENTS (KOHA)
Koha item type Books
Holdings
Lost status Damaged status Collection code Home library Current library Shelving location Date acquired Full call number Accession Number Koha item type
    MANAGEMENT JRU Library JRU Library SHELF-73-G 21/06/2016 658.312 8700 Books